1067 1056 1122 1791 1825 1714 1506 1617 1449 1871 1389 1184 1710 1729 1090 1538 1384 1673 1137 1910 1623 1868 1474 1541 1350 1636 1509 1924 1330 1686 1336 1579 1819 1226 1716 1919 1760 1468 1272 1156 1421 1361 1612 1148 1937 1363 1058 1993 1194 1834 1354 1250 1539 1346 1728 1433 1294 1078 1078 1849 1062 1287 1154 1998 1498 1259 1584 1966 1227 1934 1815 1104 1159 1015 1410 1251 1076 1593 1818 1579 1422 1168 1348 1128 1446 1530 1427 1369 1817 1825 1248 1700 1615 1555 1884 1749 1974 1311 1051 BCNSPRNW ULIB Ver.6.0+V

เปลี่ยนเป็นภาษาไทย

Change to English
 แสดงรายละเอียดบรรณานุกรม
  กลับหน้าหลัก

Brief Record : Get Marc (ISO 2709) : E-mail record : QR code < ปิดหน้าต่าง
LEADER : 00000nam 2200000uu 4500
001    13399111514
003     ULIB
008    110629s2552||||th 000 0 tha d
020    9789741623167(ล.6)
060 04 QV55^bจ527ค ล.6 2552
100 0  จิรัชฌา อุดมชัยสกุล
245 10 คู่มือร้านยา :^bโรคและยาระบบหายใจ /^cเรียบเรียงโดย จิรัชฌา อุดมชัยสกุล
246 30 โรคและยาระบบหายใจ
250    พิมพ์ครั้งที่ 1
260    กรุงเทพฯ :^bศิษฎิกร,^c2552
300    248 หน้า :^bภาพประกอบ ;^c21 ซม.
650  7 ระบบหายใจ^xโรค^xการรักษาด้วยยา
650  7 ยา^vคู่มือ
945    ^p290^l0^i17727
945    ^p290^l0^i17729
995    กัณชพร
999    ^aใช้งานได้ทุกระบบ
รายการนี้ยังไม่มีแท็ก
คุณยังไม่ได้ล็อกอิน คุณสามารถมีกิจกรรมร่วมกับเว็บไซต์ได้ แต่ต้องล็อกอินก่อน ::
  ล็อกอิน

รายการสื่อสารสนเทศ

ลำดับที่ ประเภท เลขเรียก/บาร์โค้ด สถานที่ สถานะ
- ไม่พบข้อมูล -

รายการใกล้เคียง
    ผู้แต่ง [จิรัชฌา อุดมชัยสกุล]

BibComment


ยังไม่เคยถูกคอมเมนท์

คอมเมนท์ทรัพยากรรายการนี้
  คอมเมนท์: คู่มือร้านยา โรค..


 Copyright 2026. Bcnsprnw @Library